00426nam a22000977a 4500008004100000040005500041245016600096260004300262300001200305650001100317230718b |||||||| |||| 00| 0 eng d aNational Science LibrarycNational Science Library aResearch for industry 1963c/ A report on work done by industrial research associations in the government scheme Department of scientific and Industrial Research aLondon: bHer Majesty's Office, c1964 av, 53p. aReport